000 00334nam a2200145Ia 4500
008 150201s2011 xx 000 0 und d
082 _a612.3
_bD11S
100 _aSHARMA , REKHA
245 _aDIET MANAGEMENT
250 _a4TH
260 _bELSEVIER
_aDELHI
_c2011
300 _a236
650 _aNUTRITON & DIET
942 _2ddc
_cBK
_01
999 _c1995
_d1995